<?xml version="1.0" encoding="UTF-8"?>
<collection xmlns="http://www.loc.gov/MARC21/slim">
 <record>
  <leader>01806caa a2200373 c 4500</leader>
  <controlfield tag="001">1852463562</controlfield>
  <controlfield tag="003">DE-627</controlfield>
  <controlfield tag="005">20240306143718.0</controlfield>
  <controlfield tag="007">cr cn 008aaaaa</controlfield>
  <controlfield tag="008">230712s1984    xx |||||o     00| ||ger c</controlfield>
  <datafield tag="024" ind1="7" ind2=" ">
   <subfield code="a">10.11588/kc.1984.1.95553</subfield>
   <subfield code="2">doi</subfield>
  </datafield>
  <datafield tag="035" ind1=" " ind2=" ">
   <subfield code="a">(DE-627)1852463562</subfield>
  </datafield>
  <datafield tag="035" ind1=" " ind2=" ">
   <subfield code="a">(DE-599)KXP1852463562</subfield>
  </datafield>
  <datafield tag="035" ind1=" " ind2=" ">
   <subfield code="a">(OCoLC)1425126852</subfield>
  </datafield>
  <datafield tag="040" ind1=" " ind2=" ">
   <subfield code="a">DE-627</subfield>
   <subfield code="b">ger</subfield>
   <subfield code="c">DE-627</subfield>
   <subfield code="e">rda</subfield>
  </datafield>
  <datafield tag="041" ind1=" " ind2=" ">
   <subfield code="a">ger</subfield>
  </datafield>
  <datafield tag="084" ind1=" " ind2=" ">
   <subfield code="a">KUNST</subfield>
   <subfield code="q">DE-16</subfield>
   <subfield code="2">fid</subfield>
  </datafield>
  <datafield tag="100" ind1="1" ind2=" ">
   <subfield code="a">Müller, Theodor</subfield>
   <subfield code="d">1905-1996</subfield>
   <subfield code="e">VerfasserIn</subfield>
   <subfield code="0">(DE-588)118737597</subfield>
   <subfield code="0">(DE-627)079518273</subfield>
   <subfield code="0">(DE-576)209377828</subfield>
   <subfield code="4">aut</subfield>
  </datafield>
  <datafield tag="245" ind1="1" ind2="0">
   <subfield code="a">Veit Stoss in Nürnberg</subfield>
   <subfield code="b">Ausstellung in Nürnberg (Germanisches Nationalmuseum, Lorenzkirche und Sebalduskirche), 10. 6.-13. 11. 1983</subfield>
   <subfield code="c">Theodor Müller</subfield>
  </datafield>
  <datafield tag="264" ind1=" " ind2="1">
   <subfield code="c">1984</subfield>
  </datafield>
  <datafield tag="336" ind1=" " ind2=" ">
   <subfield code="a">Text</subfield>
   <subfield code="b">txt</subfield>
   <subfield code="2">rdacontent</subfield>
  </datafield>
  <datafield tag="337" ind1=" " ind2=" ">
   <subfield code="a">Computermedien</subfield>
   <subfield code="b">c</subfield>
   <subfield code="2">rdamedia</subfield>
  </datafield>
  <datafield tag="338" ind1=" " ind2=" ">
   <subfield code="a">Online-Ressource</subfield>
   <subfield code="b">cr</subfield>
   <subfield code="2">rdacarrier</subfield>
  </datafield>
  <datafield tag="500" ind1=" " ind2=" ">
   <subfield code="a">Elektronische Reproduktion der Druckausgabe</subfield>
  </datafield>
  <datafield tag="533" ind1=" " ind2=" ">
   <subfield code="a">Online-Ausgabe</subfield>
   <subfield code="b">Heidelberg</subfield>
   <subfield code="c">arthistoricum.net</subfield>
   <subfield code="d">2023</subfield>
   <subfield code="7">|2023||||||||||</subfield>
  </datafield>
  <datafield tag="773" ind1="0" ind2="8">
   <subfield code="i">Enthalten in</subfield>
   <subfield code="t">Kunstchronik</subfield>
   <subfield code="d">Heidelberg : Universitätsbibliothek Heidelberg, 2019</subfield>
   <subfield code="g">37(1984), 1, Seite 1-6</subfield>
   <subfield code="h">Online-Ressource</subfield>
   <subfield code="w">(DE-627)1670038009</subfield>
   <subfield code="w">(DE-600)2979370-1</subfield>
   <subfield code="x">2510-7534</subfield>
   <subfield code="7">nnas</subfield>
  </datafield>
  <datafield tag="773" ind1="1" ind2="8">
   <subfield code="g">volume:37</subfield>
   <subfield code="g">year:1984</subfield>
   <subfield code="g">number:1</subfield>
   <subfield code="g">pages:1-6</subfield>
  </datafield>
  <datafield tag="856" ind1="4" ind2="0">
   <subfield code="u">https://doi.org/10.11588/kc.1984.1.95553</subfield>
   <subfield code="x">Verlag</subfield>
   <subfield code="x">Resolving-System</subfield>
   <subfield code="z">kostenfrei</subfield>
   <subfield code="3">Volltext</subfield>
   <subfield code="7">0</subfield>
  </datafield>
  <datafield tag="856" ind1="4" ind2="0">
   <subfield code="u">https://journals.ub.uni-heidelberg.de/index.php/kchronik/article/view/95553</subfield>
   <subfield code="x">Verlag</subfield>
   <subfield code="z">kostenfrei</subfield>
   <subfield code="3">Volltext</subfield>
   <subfield code="7">0</subfield>
  </datafield>
  <datafield tag="951" ind1=" " ind2=" ">
   <subfield code="a">AR</subfield>
  </datafield>
  <datafield tag="994" ind1=" " ind2=" ">
   <subfield code="u">https://ahnp.ub.uni-heidelberg.de/journals/kchronik/article/view/95553/90423</subfield>
  </datafield>
  <datafield tag="994" ind1=" " ind2=" ">
   <subfield code="u">https://ahnp.ub.uni-heidelberg.de/journals/kchronik/article/view/95553/90423</subfield>
  </datafield>
  <datafield tag="991" ind1=" " ind2=" ">
   <subfield code="a">Rezension (Veranstaltung, Ausstellung)</subfield>
  </datafield>
  <datafield tag="999" ind1=" " ind2=" ">
   <subfield code="a">KXP-PPN1852463562</subfield>
   <subfield code="e">4916226321</subfield>
  </datafield>
 </record>
</collection>
